Through the Kaleidoscope: NFL Logos Quiz Stats

 Plays Quiz Updated Sep 1, 2017

Also try: Logo Kaleidoscope
Challenge
Share
Tweet
Score 0/32 Timer 05:00
0 Plays Today
% Correct
New York Jets
99.1%
Minnesota Vikings
98.8%
San Francisco 49ers
95.6%
Miami Dolphins
95.5%
Oakland Raiders
93.9%
Washington Redskins
93.6%
Dallas Cowboys
93.4%
New Orleans Saints
93%
New England Patriots
92.9%
Pittsburgh Steelers
92.5%
Arizona Cardinals
92.4%
Seattle Seahawks
92.3%
Denver Broncos
92%
Baltimore Ravens
91.6%
Detroit Lions
91.1%
Buffalo Bills
90.7%
% Correct
Kansas City Chiefs
90.1%
Tampa Bay Buccaneers
89.4%
Green Bay Packers
89.2%
Carolina Panthers
89.1%
Los Angeles Rams
88.9%
Jacksonville Jaguars
88.5%
Cleveland Browns
88.3%
Los Angeles Chargers
87.4%
Houston Texans
87.1%
Chicago Bears
86.5%
Atlanta Falcons
86.2%
Indianapolis Colts
86.2%
Tennessee Titans
85.6%
Philadelphia Eagles
83.5%
Cincinnati Bengals
83%
New York Giants
82.3%

You're not logged in!

Compare scores with friends on all Sporcle quizzes.
Join for Free
OR
Log In

You Might Also Like...

Show Comments

Extras

Top Quizzes Today


Score Distribution

Your Account Isn't Verified!

In order to create a playlist on Sporcle, you need to verify the email address you used during registration. Go to your Sporcle Settings to finish the process.

Report this User

Report this user for behavior that violates our Community Guidelines.

Details: